Construction delays (Record no. 110432)

MARC details
000 -LEADER
fixed length control field 01665cam a22002535a 4500
001 - CONTROL NUMBER
control field L149229
008 - FIXED-LENGTH DATA ELEMENTS--GENERAL INFORMATION
fixed length control field 100208s2008 xxk f 000 0 eng d
020 ## - INTERNATIONAL STANDARD BOOK NUMBER
International Standard Book Number 9780080957142
035 ## - SYSTEM CONTROL NUMBER
System control number (Sirsi) u149229
041 0# - LANGUAGE CODE
Language code of text/sound track or separate title eng
050 04 - LIBRARY OF CONGRESS CALL NUMBER
Classification number 692.8 $2 18
100 1# - MAIN ENTRY--PERSONAL NAME
Personal name Gibson, Roger
245 00 - TITLE STATEMENT
Title Construction delays
Remainder of title extensions of time and prolongation claims
Medium [electronic resource]
260 ## - PUBLICATION, DISTRIBUTION, ETC.
Place of publication, distribution, etc. [S.l.]
Name of publisher, distributor, etc. Taylor & Francis
Date of publication, distribution, etc. 2008
300 ## - PHYSICAL DESCRIPTION
Extent eBook
505 2# - FORMATTED CONTENTS NOTE
Formatted contents note Programmes and record keeping -- Contracts and case law -- The 'thorny issues' -- Extensions of time -- Prolongation claims (and time-related costs) -- Appendix 1 Definitions and glossary -- Appendix 2 Levels of programmes -- Appendix 3 Model specification for a 'windows' analysis -- Appendix 4 Charts for worked example: time impact analysis -- Appendix 5 Charts for worked example: windows analysis
520 ## - SUMMARY, ETC.
Summary, etc. This eBook provides guidance on delay analysis, particularly in relation to extension of time submissions. It gives readers the information and practical details to be considered in formulating and resolving extension of time submissions and time-related prolongation claims. Useful guidance and recommended good practice is given on all the common delay analysis techniques, and worked examples of extension of time submissions and time-related prolongation claims are included.
590 ## - LOCAL NOTE (RLIN)
Local note ka
650 24 - SUBJECT ADDED ENTRY--TOPICAL TERM
Topical term or geographic name entry element EBOOK
651 #4 - SUBJECT ADDED ENTRY--GEOGRAPHIC NAME
Geographic name ENGLAND AND WALES
690 ## - LOCAL SUBJECT ADDED ENTRY--TOPICAL TERM (OCLC, RLIN)
Topical term or geographic name as entry element MANAGEMENT-DISPUTE AVOIDANCE, MANAGEMENT AND RESOLUTION-DISPUTE MANAGEMENT AND RESOLUTION
856 48 - ELECTRONIC LOCATION AND ACCESS
Uniform Resource Identifier <a href="https://www.vlebooks.com/">https://www.vlebooks.com/</a>
Public note View on VLEbooks. Logins for members only from [email protected]
942 ## - ADDED ENTRY ELEMENTS (KOHA)
Suppress in OPAC 0
Holdings
Withdrawn status Lost status Source of classification or shelving scheme Damaged status Not for loan Home library Current library Shelving location Date acquired Cost, normal purchase price Total Checkouts Full call number Barcode Date last seen Copy number Cost, replacement price Price effective from Koha item type
    Dewey Decimal Classification     Virtual Virtual Online 24/09/2010 98.71   EBOOK 149229-3001 06/08/2019 1 98.71 06/08/2019 Book